Engineering metals and their alloys

שמור ב:
מידע ביבליוגרפי
מחבר ראשי: Carl H Samand
פורמט: ספר
שפה:Undetermined
יצא לאור: New York MacMillan 1949
נושאים:
תגים: הוספת תג
אין תגיות, היה/י הראשונ/ה לתייג את הרשומה!
Thư viện lưu trữ: Trung tâm Học liệu Trường Đại học Cần Thơ
LEADER 00472nam a2200181Ia 4500
001 CTU_11681
008 210402s9999 xx 000 0 und d
082 |a 669 
082 |b S187 
100 |a Carl H Samand 
245 0 |a Engineering metals and their alloys 
245 0 |c Carl H Samand 
260 |a New York 
260 |b MacMillan 
260 |c 1949 
650 |a alloys,metallurgy 
904 |i Minh, 961031 
980 |a Trung tâm Học liệu Trường Đại học Cần Thơ